| 000 | 00898nam a22001935i 4500 | ||
|---|---|---|---|
| 001 | 168941 | ||
| 003 | ES-MaACL | ||
| 005 | 20231216062910.0 | ||
| 008 | 080626s1984 sp |||| | spa d | ||
| 080 | _a970/980"1942" | ||
| 100 | 1 |
_aPérez de Tudela y Bueso, Juan, _d1922-2004 _990810 |
|
| 245 | 1 | 0 |
_aAnte la conmemoración del Quinto Centenario del descubrimiento de América / _cJuan Pérez de Tudela. |
| 260 |
_a[Madrid : _bSEI, _c1984] |
||
| 300 |
_ap. 191-203 ; _c21 cm. |
||
| 500 | _aConferencia pronunciada en el XXX Curso de Altos Estudios Internacionales (febrero a junio de 1984), organizado por la Sociedad de Estudios Internacionales (SEI) y que figura en el libro del mismo título editado por la SEI. | ||
| 650 | 1 | 4 |
_aAmérica- _xDescubrimientos y exploraciones- _vAniversarios y centenarios. _9224764 |
| 852 |
_aES-MaACL _j2241-F-8 _9R.142403 |
||
| 999 |
_c168941 _d168941 |
||